000 00306nam a22001337a 4500
008 171023b xxu||||| |||| 00| 0 eng d
020 _a9780470744031
041 _aeng
080 _a311
100 _a55
101 _aSTA
245 _aECONOMETRIC ANALYSIS OF PANEL DATA
_cBALTAGI,B.H
942 _2udc
_cBK
999 _c35542
_d35542